[Event "Hessenliga 1112"]
[Site "Germany"]
[Date "2012.03.04"]
[Round "7.7"]
[White "Lange, Klaus"]
[Black "Kraft, Wolfgang"]
[Result "0-1"]
[WhiteElo "2110"]
[BlackElo "2134"]
[PlyCount "56"]
[EventDate "2011.09.25"]
[EventType "team-tourn"]
[EventRounds "9"]
[EventCountry "GER"]
[SourceTitle "EXT 2013"]
[Source "ChessBase"]
[SourceDate "2012.11.22"]
[SourceVersion "1"]
[SourceVersionDate "2012.11.22"]
[SourceQuality "1"]
[WhiteTeam "Dotzheim"]
[BlackTeam "Dettingen"]
[WhiteTeamCountry "GER"]
[BlackTeamCountry "GER"]

1. Nf3 Nf6 2. b3 g6 3. Bb2 Bg7 4. g3 0-0 5. Bg2 d6 6. d4 c6 7. 0-0 Nbd7 8. c4 Re8 9. Re1 Qc7 10. e4 e5 11. dxe5 dxe5 12. Nc3 Nf8 13. Qc2 Bg4 14. Ne2 Rad8 15. Rad1 Bxf3 16. Bxf3 Ne6 17. Bg2 c5 18. Nc3 Nd4 19. Qc1 Qa5 20. Rd2 Bh6 21. f4 exf4 22. Rxd4 cxd4 23. Nd5 Nxd5 24. cxd5 fxg3 25. Qd1 gxh2+ 26. Kh1 Rxd5 27. Rf1 Rdd8 28. Qf3 Qc7 0-1

[Event "Hessenliga 1112"]
[Site "Germany"]
[Date "2011.10.09"]
[Round "2.8"]
[White "Lange, Klaus"]
[Black "Kersting, Martin"]
[Result "1/2-1/2"]
[WhiteElo "2110"]
[BlackElo "2205"]
[PlyCount "78"]
[EventDate "2011.09.25"]
[EventType "team-tourn"]
[EventRounds "9"]
[EventCountry "GER"]
[SourceTitle "EXT 2013"]
[Source "ChessBase"]
[SourceDate "2012.11.22"]
[SourceVersion "1"]
[SourceVersionDate "2012.11.22"]
[SourceQuality "1"]
[WhiteTeam "Dotzheim"]
[BlackTeam "Fulda"]
[WhiteTeamCountry "GER"]
[BlackTeamCountry "GER"]

1. Nf3 Nf6 2. b3 g6 3. Bb2 Bg7 4. g3 0-0 5. Bg2 d6 6. d4 Nbd7 7. 0-0 e5 8. dxe5 Ng4 9. c4 Ngxe5 10. Nc3 Nxf3+ 11. Bxf3 Re8 12. Qd2 Nc5 13. Rfe1 a5 14. Nd5 c6 15. Bxg7 Kxg7 16. Qb2+ f6 17. Nc3 Bf5 18. Rad1 Qe7 19. Qd2 Rad8 20. e4 Be6 21. Ne2 Qc7 22. Nd4 Bf7 23. h4 Ne6 24. Ne2 Nc5 25. Nd4 Ne6 26. Nxe6+ Bxe6 27. Re3 Rd7 28. Rd3 Red8 29. Qf4 c5 30. Kg2 h6 31. Bg4 g5 32. hxg5 hxg5 33. Qf3 Re7 34. Rh1 Bxg4 35. Qxg4 Rh8 36. Rdd1 Qd7 37. Qf3 Ree8 38. Qe3 Rxh1 39. Rxh1 Rh8 1/2-1/2

[Event "Hessenliga 1011"]
[Site "Germany"]
[Date "2010.11.28"]
[Round "3.6"]
[White "Lange, Klaus"]
[Black "Hanemann, Ingo"]
[Result "1-0"]
[WhiteElo "2110"]
[BlackElo "2188"]
[PlyCount "107"]
[EventDate "2010.09.26"]
[EventType "team-tourn"]
[EventRounds "9"]
[EventCountry "GER"]
[SourceTitle "EXT 2012"]
[Source "ChessBase"]
[SourceDate "2011.11.24"]
[SourceVersion "1"]
[SourceVersionDate "2011.11.24"]
[SourceQuality "1"]
[WhiteTeam "Dotzheim"]
[BlackTeam "Bad Homburg"]
[WhiteTeamCountry "GER"]
[BlackTeamCountry "GER"]

1. Nf3 c5 2. b3 d5 3. e3 a6 4. Bb2 Nc6 5. Be2 Nf6 6. 0-0 Bg4 7. Ne5 Nxe5 8. Bxe5 Bxe2 9. Qxe2 e6 10. d3 Bd6 11. Bb2 0-0 12. Nd2 e5 13. e4 Re8 14. g3 Rc8 15. c4 d4 16. Nf3 Rc6 17. Nh4 g6 18. Ng2 Nh5 19. Bc1 Qd7 20. f4 exf4 21. Nxf4 Bxf4 22. gxf4 f5 23. e5 a5 24. Bd2 Ra8 25. Qf3 Qe7 26. Kh1 Ng7 27. Rab1 Ne6 28. Rg1 Kf7 29. Qh3 Ke8 30. Rgf1 Rc7 31. a3 Qd7 32. Qf3 Qc6 33. Kg2 Qxf3+ 34. Kxf3 Kd7 35. Ra1 b6 36. Rg1 Kc6 37. h4 Ng7 38. Rgb1 Rb7 39. Ke2 Ne6 40. Kf3 a4 41. b4 b5 42. cxb5+ Rxb5 43. Rc1 Kd5 44. Rc4 h6 45. Rg1 g5 46. hxg5 hxg5 47. fxg5 Kxe5 48. Re1+ Kd5 49. Bf4 Re8 50. Re5+ Kc6 51. Rxf5 Kb6 52. bxc5+ Nxc5 53. Rxd4 Rb3 54. Rd6+ 1-0

[Event "Hessen-chA"]
[Site "Marburg"]
[Date "2006.04.14"]
[Round "8.4"]
[White "Rompel, Michael"]
[Black "Lange, Klaus"]
[Result "0-1"]
[WhiteElo "2068"]
[BlackElo "2174"]
[PlyCount "54"]
[EventDate "2006.04.08"]
[EventType "swiss"]
[EventRounds "9"]
[EventCountry "GER"]
[SourceTitle "EXT 2007"]
[Source "ChessBase"]
[SourceDate "2006.11.23"]
[SourceVersion "1"]
[SourceVersionDate "2006.11.23"]
[SourceQuality "1"]

1. d4 Nf6 2. c3 g6 3. Nd2 d6 4. e4 Bg7 5. Bd3 e5 6. Ne2 0-0 7. 0-0 Nh5 8. f4 Bg4 9. Nf3 Nd7 10. h3 Bxf3 11. Rxf3 Qe7 12. f5 g5 13. Ng3 Nf4 14. Bxf4 gxf4 15. Nh5 Qg5 16. Nxg7 Kxg7 17. Kh2 Kh8 18. Qb3 b6 19. Rg1 Qh5 20. Bc4 Nf6 21. g4 fxg3+ 22. Rfxg3 Nxe4 23. Bd5 Nxg3 24. Bxa8 Ne2 25. Rg2 Rxa8 26. Qd5 Rf8 27. Qe4 Nf4 0-1

[Event "Hessen-chA"]
[Site "Marburg"]
[Date "2006.04.12"]
[Round "6.2"]
[White "Rubel, Julian"]
[Black "Lange, Klaus"]
[Result "1-0"]
[WhiteElo "2111"]
[BlackElo "2174"]
[PlyCount "49"]
[EventDate "2006.04.08"]
[EventType "swiss"]
[EventRounds "9"]
[EventCountry "GER"]
[SourceTitle "EXT 2007"]
[Source "ChessBase"]
[SourceDate "2006.11.23"]
[SourceVersion "1"]
[SourceVersionDate "2006.11.23"]
[SourceQuality "1"]

1. d4 d5 2. c4 c6 3. Nf3 Nf6 4. e3 Bf5 5. cxd5 cxd5 6. Qb3 Qc8 7. Bd2 e6 8. Bb5+ Nc6 9. 0-0 Be7 10. Bb4 0-0 11. Bxc6 Bxb4 12. Qxb4 Qxc6 13. Ne5 Qc7 14. Nc3 Rfc8 15. a4 a5 16. Qa3 Ne4 17. Rac1 Nd2 18. Nxd5 exd5 19. Rxc7 Rxc7 20. Rd1 Rc2 21. h3 Ne4 22. Qb3 Nxf2 23. Qxb7 Rac8 24. Qxf7+ Kh8 25. Rf1 1-0

[Event "Hessen-chA"]
[Site "Marburg"]
[Date "2006.04.11"]
[Round "5.3"]
[White "Lange, Klaus"]
[Black "Storkebaum, Ulrike"]
[Result "1-0"]
[WhiteElo "2174"]
[BlackElo "1891"]
[PlyCount "81"]
[EventDate "2006.04.08"]
[EventType "swiss"]
[EventRounds "9"]
[EventCountry "GER"]
[SourceTitle "EXT 2007"]
[Source "ChessBase"]
[SourceDate "2006.11.23"]
[SourceVersion "1"]
[SourceVersionDate "2006.11.23"]
[SourceQuality "1"]

1. Nf3 Nf6 2. b3 g6 3. Bb2 Bg7 4. g3 0-0 5. Bg2 d6 6. d4 a5 7. Nbd2 Nbd7 8. 0-0 c5 9. e4 Nh5 10. Qe2 cxd4 11. Nxd4 Nc5 12. Nc4 Rb8 13. a4 Bd7 14. Bf3 Nf6 15. e5 dxe5 16. Qxe5 Rc8 17. Rfe1 Re8 18. Rad1 Qc7 19. Qxc7 Rxc7 20. Nxa5 e5 21. Nb5 Bxb5 22. axb5 Nfd7 23. Nc4 b6 24. Bc6 Re7 25. Ba3 Re6 26. Nxb6 Ra7 27. Bb4 Bf8 28. Nxd7 Nxd7 29. Bxd7 Rxd7 30. Rxd7 Bxb4 31. Re4 Bc3 32. Rd3 Ba5 33. Rd5 Bc3 34. Rc4 Bb2 35. Rc6 Re8 36. c4 Ra8 37. b6 Kg7 38. b7 Rb8 39. Rb6 e4 40. c5 f6 41. c6 1-0

[Event "Hessen-chA"]
[Site "Marburg"]
[Date "2006.04.08"]
[Round "1.2"]
[White "Wolff, Peter"]
[Black "Lange, Klaus"]
[Result "1/2-1/2"]
[WhiteElo "2005"]
[BlackElo "2174"]
[PlyCount "29"]
[EventDate "2006.04.08"]
[EventType "swiss"]
[EventRounds "9"]
[EventCountry "GER"]
[SourceTitle "EXT 2007"]
[Source "ChessBase"]
[SourceDate "2006.11.23"]
[SourceVersion "1"]
[SourceVersionDate "2006.11.23"]
[SourceQuality "1"]

1. c4 c6 2. Nc3 Nf6 3. d4 d5 4. cxd5 cxd5 5. Nf3 Nc6 6. Bf4 Bg4 7. Ne5 Qb6 8. Nxg4 Nxg4 9. e4 Qxb2 10. Bd2 Nf6 11. Rb1 Qa3 12. Nb5 Qxa2 13. Ra1 Qb2 14. Rb1 Qa2 15. Ra1 1/2-1/2

[Event "Oberliga Ost-B 0506"]
[Site "Germany"]
[Date "2006.04.02"]
[Round "11.8"]
[White "Syed, Tareq"]
[Black "Lange, Klaus"]
[Result "1/2-1/2"]
[WhiteElo "2137"]
[BlackElo "2147"]
[PlyCount "67"]
[EventDate "2005.11.13"]
[EventType "team-tourn"]
[EventRounds "11"]
[EventCountry "GER"]
[SourceTitle "EXT 2007"]
[Source "ChessBase"]
[SourceDate "2006.11.23"]
[SourceVersion "1"]
[SourceVersionDate "2006.11.23"]
[SourceQuality "1"]
[WhiteTeam "Frankfurt FTG"]
[BlackTeam "Wiesbaden"]
[WhiteTeamCountry "GER"]
[BlackTeamCountry "GER"]

1. e4 c6 2. d3 d5 3. Nf3 dxe4 4. Ng5 Nf6 5. Nxe4 Bf5 6. Ng3 Bg6 7. h4 h6 8. h5 Bh7 9. Nc3 e6 10. Bd2 Bc5 11. Qf3 Nbd7 12. 0-0-0 Ne5 13. Qf4 Qd4 14. Na4 Qxf4 15. Bxf4 Bd6 16. Rh4 g5 17. hxg6 Nxg6 18. Bxd6 Nxh4 19. Nc5 Ng4 20. Re1 b6 21. Nce4 f5 22. Nd2 Kd7 23. Bb4 Nxf2 24. Nh5 Ng4 25. g3 Ng6 26. Bh3 Rhf8 27. Bxf8 Rxf8 28. Ng7 Rf7 29. Nh5 N6e5 30. d4 Ng6 31. Nf3 Kd6 32. Bxg4 fxg4 33. Ne5 Rf2 34. Nxg4 1/2-1/2

[Event "Bayern-chI Bank Hofmann 9th"]
[Site "Bad Wiessee"]
[Date "2005.11.06"]
[Round "9"]
[White "Rau, Hannes"]
[Black "Lange, Klaus"]
[Result "1-0"]
[WhiteElo "2421"]
[BlackElo "2147"]
[PlyCount "105"]
[EventDate "2005.10.29"]
[EventType "swiss"]
[EventRounds "9"]
[EventCountry "GER"]
[SourceTitle "EXT 2006"]
[Source "ChessBase"]
[SourceDate "2005.11.24"]
[SourceVersion "1"]
[SourceVersionDate "2005.11.24"]
[SourceQuality "1"]

1. d4 d5 2. c4 c6 3. Nf3 Nf6 4. Nc3 dxc4 5. a4 Bf5 6. Nh4 Bg6 7. Nxg6 hxg6 8. e3 e6 9. Bxc4 Bb4 10. h3 Nbd7 11. Qb3 a5 12. Bd2 Qc7 13. Rc1 0-0 14. 0-0 Rfd8 15. f4 c5 16. Nb5 Qb6 17. Bxb4 axb4 18. Qc2 cxd4 19. exd4 Nb8 20. b3 Nc6 21. Kh2 Nd5 22. Qf2 Na7 23. Nxa7 Qxa7 24. Bxd5 Rxd5 25. Rc4 b5 26. Rxb4 Qa5 27. Rxb5 Rxb5 28. axb5 Qxb5 29. Qf3 Ra3 30. Rb1 Qb4 31. Qd3 Qd6 32. Qe3 Ra2 33. Rc1 Qb8 34. Rc3 Qb7 35. Qg3 Rd2 36. Rd3 Rc2 37. Qg5 Qe4 38. Rd1 f6 39. Qg3 Ra2 40. Kh1 Qc2 41. Re1 Rb2 42. Rxe6 Rxb3 43. Qg4 f5 44. Qh4 Qd1+ 45. Re1 Qh5 46. Qd8+ Kh7 47. Re8 Rxh3+ 48. gxh3 Qf3+ 49. Kg1 Qg3+ 50. Kf1 Qf3+ 51. Ke1 Qc3+ 52. Kf2 Qd2+ 53. Kg3 1-0

[Event "Hessen-ch MVT"]
[Site "Offenbach"]
[Date "2005.03.30"]
[Round "4"]
[White "Fussnecker, Manfred"]
[Black "Lange, Klaus"]
[Result "1-0"]
[WhiteElo "1985"]
[BlackElo "2199"]
[PlyCount "47"]
[EventDate "2005.03.28"]
[EventType "swiss"]
[EventRounds "9"]
[EventCountry "GER"]
[SourceTitle "EXT 2006"]
[Source "ChessBase"]
[SourceDate "2005.11.24"]
[SourceVersion "1"]
[SourceVersionDate "2005.11.24"]
[SourceQuality "1"]

1. e4 c6 2. d4 d5 3. e5 Na6 4. Be3 g6 5. Qc1 Bf5 6. c3 Nc7 7. Be2 h5 8. h4 Nh6 9. Nh3 Ng4 10. Bg5 Ne6 11. f3 Nh6 12. Nf4 Bg7 13. Nd2 Qd7 14. Nf1 f6 15. Nxe6 Qxe6 16. exf6 exf6 17. Bf4 0-0-0 18. Ne3 Rde8 19. c4 dxc4 20. Bxc4 Qd7 21. d5 g5 22. dxc6 Qxc6 23. Bb5 Rxe3+ 24. Bxe3 1-0

[Event "Oberliga Ost-B 0405"]
[Site "Germany"]
[Date "2005.01.15"]
[Round "6.6"]
[White "Lange, Klaus"]
[Black "Enneper, Eckhard"]
[Result "1-0"]
[WhiteElo "2199"]
[BlackElo "2211"]
[PlyCount "85"]
[EventDate "2004.10.10"]
[EventType "team-tourn"]
[EventRounds "11"]
[EventCountry "GER"]
[SourceTitle "EXT 2006"]
[Source "ChessBase"]
[SourceDate "2005.11.24"]
[SourceVersion "1"]
[SourceVersionDate "2005.11.24"]
[SourceQuality "1"]
[WhiteTeam "Wiesbaden"]
[BlackTeam "Offenbach"]
[WhiteTeamCountry "GER"]
[BlackTeamCountry "GER"]

1. Nf3 Nf6 2. b3 c5 3. Bb2 Nc6 4. g3 d5 5. Bg2 g6 6. 0-0 Bg7 7. d3 0-0 8. Nbd2 Re8 9. Ne5 Qc7 10. Nxc6 Qxc6 11. c4 Be6 12. Qc2 Rac8 13. e4 dxe4 14. dxe4 Qc7 15. f4 Rcd8 16. Rad1 Bg4 17. Nf3 Qc8 18. Rxd8 Rxd8 19. Ne5 Bh3 20. Bxh3 Qxh3 21. Rd1 Qc8 22. Rxd8+ Qxd8 23. Kg2 Ne8 24. Qd3 Qc7 25. Qd5 e6 26. Qd3 Nd6 27. Bc3 f5 28. exf5 gxf5 29. Nf3 Bxc3 30. Qxc3 Ne4 31. Qd3 Kf7 32. Ne5+ Ke7 33. Qf3 Nf6 34. Nd3 Ng4 35. h3 Nf6 36. g4 Kd8 37. gxf5 exf5 38. Ne5 Ne4 39. Qd3+ Kc8 40. Qd5 Qg7+ 41. Kf1 a6 42. Qf7 Qg3 43. Qxf5+ 1-0

[Event "Oberliga Ost-B 0405"]
[Site "Germany"]
[Date "2004.12.12"]
[Round "5.6"]
[White "Krug, Norbert"]
[Black "Lange, Klaus"]
[Result "1-0"]
[WhiteElo "2221"]
[BlackElo "2199"]
[PlyCount "65"]
[EventDate "2004.10.10"]
[EventType "team-tourn"]
[EventRounds "11"]
[EventCountry "GER"]
[SourceTitle "EXT 2006"]
[Source "ChessBase"]
[SourceDate "2005.11.24"]
[SourceVersion "1"]
[SourceVersionDate "2005.11.24"]
[SourceQuality "1"]
[WhiteTeam "Erfurt SK II"]
[BlackTeam "Wiesbaden"]
[WhiteTeamCountry "GER"]
[BlackTeamCountry "GER"]

1. d4 d5 2. c4 c6 3. Nf3 Nf6 4. Nc3 dxc4 5. a4 Bf5 6. e3 e6 7. Bxc4 Bb4 8. 0-0 Nbd7 9. Qb3 a5 10. Na2 Be7 11. Nh4 Bg6 12. f4 Qb6 13. f5 Qxb3 14. Bxb3 exf5 15. Nxf5 Bxf5 16. Rxf5 0-0 17. Bd2 g6 18. Rxa5 Rxa5 19. Bxa5 Ng4 20. e4 Bg5 21. Bc3 Be3+ 22. Kf1 c5 23. h3 Nh2+ 24. Ke2 cxd4 25. Bd2 Nc5 26. Bd5 Nxa4 27. Bxe3 dxe3 28. Nb4 b5 29. Nd3 Rc8 30. Bb3 Re8 31. e5 Rd8 32. Bxa4 bxa4 33. Rh1 1-0

[Event "Oberliga Ost-B 0304"]
[Site "Germany"]
[Date "2004.03.28"]
[Round "9.4"]
[White "Nazarenus, Moritz"]
[Black "Lange, Klaus"]
[Result "0-1"]
[WhiteElo "2111"]
[BlackElo "2199"]
[PlyCount "82"]
[EventDate "2003.11.02"]
[EventType "team-tourn"]
[EventRounds "11"]
[EventCountry "GER"]
[SourceTitle "EXT 2005"]
[Source "ChessBase"]
[SourceDate "2004.11.15"]
[SourceVersion "1"]
[SourceVersionDate "2004.11.15"]
[SourceQuality "1"]
[WhiteTeam "Schoeneck II"]
[BlackTeam "Wiesbaden"]
[WhiteTeamCountry "GER"]
[BlackTeamCountry "GER"]

1. d4 d5 2. c4 c6 3. Nf3 Nf6 4. Nc3 dxc4 5. a4 Bf5 6. e3 e6 7. Bxc4 Bb4 8. 0-0 Nbd7 9. Qe2 Bg6 10. Rd1 Qc7 11. Na2 Bd6 12. b4 0-0 13. Bb2 e5 14. h3 a5 15. b5 exd4 16. bxc6 bxc6 17. Bxd4 Ne5 18. Bxe5 Bxe5 19. Rac1 Rab8 20. Bb5 c5 21. Nxe5 Qxe5 22. Qd2 Be4 23. Qd6 Qg5 24. Bf1 Rbc8 25. Nc3 Ba8 26. Kh2 Qh4 27. Qg3 Qb4 28. Rd6 Qb2 29. Rdd1 h6 30. Bd3 Rcd8 31. Rc2 Qb3 32. Rb1 Qe6 33. Bb5 Ne4 34. Qg4 Nxc3 35. Qxe6 fxe6 36. Rxc3 Rxf2 37. Rg1 Rdd2 38. Kg3 Bxg2 39. Rxc5 Rf3+ 40. Kg4 Rxe3 41. Rc7 Rd4+ 0-1

[Event "Oberliga Ost-B 0304"]
[Site "Germany"]
[Date "2004.02.15"]
[Round "7.5"]
[White "Lange, Klaus"]
[Black "Roosen, Holger"]
[Result "1/2-1/2"]
[WhiteElo "2199"]
[BlackElo "2190"]
[PlyCount "86"]
[EventDate "2003.11.02"]
[EventType "team-tourn"]
[EventRounds "11"]
[EventCountry "GER"]
[SourceTitle "EXT 2005"]
[Source "ChessBase"]
[SourceDate "2004.11.15"]
[SourceVersion "1"]
[SourceVersionDate "2004.11.15"]
[SourceQuality "1"]
[WhiteTeam "Wiesbaden"]
[BlackTeam "Offenbach"]
[WhiteTeamCountry "GER"]
[BlackTeamCountry "GER"]

1. Nf3 g6 2. g3 Bg7 3. Bg2 c5 4. c4 Nc6 5. Nc3 Nf6 6. 0-0 0-0 7. d4 cxd4 8. Nxd4 Nxd4 9. Qxd4 d6 10. Qd2 Qc7 11. b3 Bd7 12. Bb2 Bc6 13. e4 Qa5 14. Qe2 e6 15. f4 Rad8 16. Rfd1 a6 17. Bf3 Rfe8 18. Qg2 Ng4 19. Bxg4 Bxc3 20. Bxc3 Qxc3 21. Qe2 f5 22. Rac1 Qg7 23. Bf3 e5 24. Qg2 exf4 25. exf5 fxg3 26. Qxg3 gxf5 27. Qxg7+ Kxg7 28. Kf2 Be4 29. Rd4 Re6 30. Bxe4 fxe4 31. Ke3 Rf8 32. Rg1+ Kh6 33. Rg3 Rf1 34. Rd5 Re1+ 35. Kf2 Ra1 36. Rd2 Rf6+ 37. Ke3 Re1+ 38. Re2 Rxe2+ 39. Kxe2 Rg6 40. Rh3+ Kg7 41. Ke3 Rg4 42. Kd4 Rf4 43. Ke3 Rg4 1/2-1/2

[Event "Oberliga Ost-B 0304"]
[Site "Germany"]
[Date "2004.01.18"]
[Round "5.5"]
[White "Meyer, Stefan"]
[Black "Lange, Klaus"]
[Result "1/2-1/2"]
[WhiteElo "2184"]
[BlackElo "2199"]
[PlyCount "76"]
[EventDate "2003.11.02"]
[EventType "team-tourn"]
[EventRounds "11"]
[EventCountry "GER"]
[SourceTitle "EXT 2005"]
[Source "ChessBase"]
[SourceDate "2004.11.15"]
[SourceVersion "1"]
[SourceVersionDate "2004.11.15"]
[SourceQuality "1"]
[WhiteTeam "Dotzheim"]
[BlackTeam "Wiesbaden"]
[WhiteTeamCountry "GER"]
[BlackTeamCountry "GER"]

1. e3 d5 2. f4 g6 3. Nf3 Bg7 4. Be2 e6 5. 0-0 Ne7 6. c3 c5 7. d3 Nbc6 8. Qe1 b6 9. a4 a5 10. Na3 Ba6 11. e4 d4 12. Nb5 dxc3 13. bxc3 Bxb5 14. axb5 Nd4 15. Nxd4 Bxd4+ 16. Kh1 Bf6 17. g4 Qd7 18. f5 Be5 19. fxe6 Qxe6 20. Ra3 Rd8 21. Qh4 Bg7 22. g5 Nc8 23. c4 Qe7 24. Qh3 Nd6 25. Ra2 Bd4 26. Bf3 Qe5 27. Bg2 0-0 28. Bf4 Qg7 29. Qh4 Be5 30. Raf2 Ne8 31. Rf3 Nc7 32. Bxe5 Qxe5 33. Rh3 Qg7 34. Rf6 Ne8 35. Rf1 Nc7 36. Rf6 Ne8 37. Rf1 Nc7 38. Rf6 Ne8 1/2-1/2

[Event "Oberliga Ost-B 0304"]
[Site "Germany"]
[Date "2003.11.02"]
[Round "1.5"]
[White "Lange, Klaus"]
[Black "Walther, Cliff"]
[Result "0-1"]
[WhiteElo "2199"]
[BlackElo "2162"]
[PlyCount "80"]
[EventDate "2003.11.02"]
[EventType "team-tourn"]
[EventRounds "11"]
[EventCountry "GER"]
[SourceTitle "EXT 2005"]
[Source "ChessBase"]
[SourceDate "2004.11.15"]
[SourceVersion "1"]
[SourceVersionDate "2004.11.15"]
[SourceQuality "1"]
[WhiteTeam "Wiesbaden"]
[BlackTeam "Erfurt Medizin"]
[WhiteTeamCountry "GER"]
[BlackTeamCountry "GER"]

1. Nf3 Nf6 2. b3 d5 3. Bb2 Bg4 4. e3 Nbd7 5. Be2 c6 6. d3 Bxf3 7. Bxf3 e5 8. Nd2 Bd6 9. 0-0 b5 10. c4 0-0 11. g3 Qe7 12. Bg2 Rab8 13. Qc2 bxc4 14. dxc4 Ba3 15. Rad1 Bxb2 16. Qxb2 Rfe8 17. Rc1 a5 18. cxd5 cxd5 19. Rc7 Rec8 20. Rfc1 Rxc7 21. Rxc7 Qd6 22. Qc2 g6 23. Bh3 Kg7 24. Rc6 Qb4 25. Nf3 e4 26. Nd2 Ne5 27. Rc3 Rd8 28. Bg2 Nd3 29. Bf1 Ne5 30. Be2 d4 31. exd4 Qxd4 32. Nf1 Nd5 33. Rc8 Rxc8 34. Qxc8 Nd3 35. Bxd3 exd3 36. Qc1 Nc3 37. Qe1 Ne2+ 38. Kg2 Qe4+ 39. f3 Nf4+ 40. Kf2 Nh3+ 0-1

[Event "Oberliga Ost-B 0203"]
[Site "Germany"]
[Date "2003.03.09"]
[Round "9.2"]
[White "Kandic, Milan"]
[Black "Lange, Klaus"]
[Result "1/2-1/2"]
[WhiteElo "2276"]
[BlackElo "2203"]
[PlyCount "99"]
[EventDate "2002.10.20"]
[EventType "team"]
[EventRounds "11"]
[EventCountry "GER"]
[SourceTitle "EXT 2004"]
[Source "ChessBase"]
[SourceDate "2003.11.25"]
[SourceVersion "1"]
[SourceVersionDate "2003.11.25"]
[SourceQuality "1"]
[WhiteTeam "Kassel Hermania"]
[BlackTeam "Wiesbaden"]
[WhiteTeamCountry "GER"]
[BlackTeamCountry "GER"]

1. e4 c6 2. d3 g6 3. g3 Bg7 4. Bg2 e5 5. f4 d6 6. Nc3 Ne7 7. Nf3 0-0 8. d4 exd4 9. Nxd4 f5 10. 0-0 fxe4 11. Nxe4 d5 12. Ng5 Nf5 13. Nde6 Qb6+ 14. Kh1 Bxe6 15. Nxe6 Re8 16. Nxg7 Kxg7 17. b3 Ne3 18. Bxe3 Qxe3 19. c4 dxc4 20. bxc4 Na6 21. f5 Rad8 22. f6+ Kf7 23. Qg4 Rd4 24. Qh3 h5 25. Bf3 Nc5 26. Bxh5 Qh6 27. Bg4 Qxh3 28. Bxh3 Rd6 29. Bg2 Rxf6 30. Rxf6+ Kxf6 31. Rf1+ Kg7 32. Bf3 Re3 33. Kg2 Rc3 34. Rf2 Rxc4 35. Rb2 a5 36. h4 a4 37. Kf1 Rc1+ 38. Ke2 a3 39. Rd2 Kf6 40. g4 Ne6 41. Ke3 b5 42. Rd6 Rc3+ 43. Ke4 b4 44. Bd1 Ke7 45. Rd2 c5 46. Ba4 Nd4 47. Kd5 Nf3 48. Re2+ Kf6 49. Re6+ Kf7 50. Rc6 1/2-1/2

[Event "Hessen-ch"]
[Site "Bruchkoebel"]
[Date "2002.03.28"]
[Round "9"]
[White "Kersten, Uwe"]
[Black "Lange, Klaus"]
[Result "1-0"]
[WhiteElo "2301"]
[BlackElo "2192"]
[PlyCount "89"]
[EventDate "2002.03.22"]
[EventType "tourn"]
[EventRounds "11"]
[EventCountry "GER"]
[EventCategory "1"]
[SourceTitle "EXT 2003"]
[Source "ChessBase"]
[SourceDate "2002.11.25"]
[SourceVersion "1"]
[SourceVersionDate "2002.11.25"]
[SourceQuality "1"]

1. e4 c6 2. d4 d5 3. Nc3 dxe4 4. Nxe4 Nd7 5. Ng5 Ngf6 6. Bd3 e6 7. N1f3 h6 8. Nxe6 fxe6 9. Bg6+ Ke7 10. Bf4 Qa5+ 11. c3 Nd5 12. Bg3 Kd8 13. 0-0 Ne7 14. b4 Qd5 15. Bd3 Qh5 16. Be2 Qf7 17. b5 g6 18. Re1 Bg7 19. h3 Ke8 20. bxc6 bxc6 21. Qa4 Nb6 22. Qa3 Nf5 23. Bh2 Qe7 24. Qa5 Kf7 25. Rab1 Bd7 26. g4 Nh4 27. Nd2 Qg5 28. Qxg5 hxg5 29. Ne4 Bf6 30. Nxf6 Kxf6 31. Be5+ Ke7 32. Bxh8 Rxh8 33. c4 Rf8 34. Rb3 Rf4 35. Rd1 Kd8 36. Ra3 Re4 37. Kf1 e5 38. dxe5 Rxe5 39. Rxa7 Re7 40. a4 c5 41. a5 Na4 42. a6 Kc8 43. Rb7 Rxe2 44. Rdxd7 Ra2 45. Rbc7+ 1-0

[Event "Hessen-ch"]
[Site "Bruchkoebel"]
[Date "2002.03.26"]
[Round "7"]
[White "Solonar, Stefan"]
[Black "Lange, Klaus"]
[Result "1/2-1/2"]
[WhiteElo "2326"]
[BlackElo "2192"]
[PlyCount "60"]
[EventDate "2002.03.22"]
[EventType "tourn"]
[EventRounds "11"]
[EventCountry "GER"]
[EventCategory "1"]
[SourceTitle "EXT 2003"]
[Source "ChessBase"]
[SourceDate "2002.11.25"]
[SourceVersion "1"]
[SourceVersionDate "2002.11.25"]
[SourceQuality "1"]

1. c4 c6 2. e4 d5 3. exd5 cxd5 4. d4 Nf6 5. Nc3 Nc6 6. Bg5 Qb6 7. cxd5 Nxd4 8. Be3 e5 9. dxe6 Bc5 10. Qa4+ Ke7 11. 0-0-0 Rd8 12. Nf3 Nxf3 13. Bxc5+ Qxc5 14. Rxd8 Kxd8 15. gxf3 Bxe6 16. Be2 Rc8 17. Rd1+ Ke7 18. Kb1 Kf8 19. Qd4 Nd5 20. Qxc5+ Rxc5 21. Nxd5 Rxd5 22. Rxd5 Bxd5 23. f4 Ke7 24. Bd3 Kf6 25. Kc2 Be6 26. Be4 Bf5 27. Kd3 Kg6 28. f3 Kf6 29. Kd4 b6 30. h4 Be6 1/2-1/2

[Event "Hessen-ch"]
[Site "Bruchkoebel"]
[Date "2002.03.24"]
[Round "4"]
[White "Lange, Klaus"]
[Black "Roeschlau, Bernd"]
[Result "0-1"]
[WhiteElo "2192"]
[BlackElo "2287"]
[PlyCount "66"]
[EventDate "2002.03.22"]
[EventType "tourn"]
[EventRounds "11"]
[EventCountry "GER"]
[EventCategory "1"]
[SourceTitle "EXT 2003"]
[Source "ChessBase"]
[SourceDate "2002.11.25"]
[SourceVersion "1"]
[SourceVersionDate "2002.11.25"]
[SourceQuality "1"]

1. Nf3 d5 2. g3 Nf6 3. Bg2 g6 4. 0-0 Bg7 5. d3 0-0 6. Nbd2 c5 7. e4 dxe4 8. dxe4 Nc6 9. Qe2 Be6 10. c3 h6 11. Rd1 Qa5 12. Bf1 Rfd8 13. Nc4 Qa4 14. Re1 Nd7 15. Na3 a6 16. Qc2 Qxc2 17. Nxc2 Nb6 18. Ne3 Rd7 19. a4 Na5 20. Ra3 Rad8 21. e5 Bb3 22. Bh3 e6 23. Bf1 Kh7 24. h4 Bxa4 25. Ng4 Rd1 26. Be2 Rxe1+ 27. Nxe1 Bd1 28. Kf1 Nbc4 29. Ra2 Nb3 30. Bxc4 Nxc1 31. Ra1 Bxg4 32. Rxc1 Rd2 33. Nd3 b5 0-1

[Event "Oberliga Ost-B 0102"]
[Site "Germany"]
[Date "2002.02.02"]
[Round "6.3"]
[White "Reschke, Stefan"]
[Black "Lange, Klaus"]
[Result "1-0"]
[WhiteElo "2376"]
[BlackElo "2173"]
[PlyCount "101"]
[EventDate "2001.10.07"]
[EventType "team"]
[EventRounds "11"]
[EventCountry "GER"]
[SourceTitle "EXT 2003"]
[Source "ChessBase"]
[SourceDate "2002.11.25"]
[SourceVersion "1"]
[SourceVersionDate "2002.11.25"]
[SourceQuality "1"]
[WhiteTeam "Oberursel"]
[BlackTeam "Wiesbaden"]
[WhiteTeamCountry "GER"]
[BlackTeamCountry "GER"]

1. c4 c6 2. Nf3 d5 3. b3 Nf6 4. g3 Bf5 5. Bg2 e6 6. 0-0 Be7 7. Bb2 h6 8. d3 0-0 9. Na3 Nbd7 10. Nc2 Qc7 11. Ne3 Bh7 12. Rc1 a5 13. cxd5 Nxd5 14. Nc4 Bf6 15. Qd2 Rfd8 16. Bxf6 N7xf6 17. Qb2 Qe7 18. Nfe5 Ne8 19. a3 f6 20. Nf3 e5 21. Nfd2 Bg6 22. Rc2 Bf7 23. Rb1 b5 24. Ne3 Rac8 25. Nd1 Nd6 26. Rbc1 Qd7 27. b4 a4 28. Nc3 Nxc3 29. Rxc3 Bd5 30. Qc2 Bxg2 31. Kxg2 Nf5 32. e3 Ne7 33. Nf3 Qd5 34. e4 Qe6 35. Qe2 Rd6 36. Ne1 Rcd8 37. h3 Kh7 38. Qg4 Qxg4 39. hxg4 Kg6 40. f3 Kf7 41. Kf1 Rh8 42. R1c2 Ke6 43. Rh2 Rhd8 44. Ke2 Rc8 45. Rc5 Rcd8 46. Ke3 R8d7 47. f4 exf4+ 48. gxf4 g5 49. f5+ Kf7 50. Rxh6 Kg7 51. Rh5 1-0